logo

Bir Sreshtho Munshi Abdur Rouf Library
Jhenaidah Cadet College

গল্পে গল্পে হযরত উসমান ইবনে আফফান রাদিয়াল্লাহু আনাহুর ১০০ ঘটনা / (Record no. 13200)

MARC details
000 -LEADER
fixed length control field 01172nam a2200253 a 4500
001 - CONTROL NUMBER
JCCL Control Number 13200
003 - CONTROL NUMBER IDENTIFIER
JCCL marc code BD-JhCC
005 - DATE AND TIME OF LATEST TRANSACTION
control field 20230720101814.0
008 - FIXED-LENGTH DATA ELEMENTS--GENERAL INFORMATION
fixed length control field 230720s2019 bg |||| |||| 000 0 eng d
035 ## - SYSTEM CONTROL NUMBER
system control number (BD-JhCC)13200
040 ## - CATALOGING SOURCE
Original cataloging agency BD-JhCC
Modifying agency BD-JhCC
041 ## - LANGUAGE CODE
Language code of Book ben
082 ## - DEWEY DECIMAL CLASSIFICATION NUMBER
Classification number 297.18
Author mark and Year MIN 2019
100 ## - MAIN ENTRY--PERSONAL NAME
Personal name মিনশাবি, শায়খ মুহাম্মদ সিদ্দিক
245 ## - TITLE STATEMENT
Title গল্পে গল্পে হযরত উসমান ইবনে আফফান রাদিয়াল্লাহু আনাহুর ১০০ ঘটনা /
Statement of responsibility, etc শায়খ মুহাম্মদ সিদ্দিক মিনশাবি; মাওলানা খুররম ইউসুফ (অনু.)
260 ## - PUBLICATION, DISTRIBUTION, ETC. (IMPRINT)
Place of publication, distribution, etc ঢাকা :
Name of publisher, distributor, etc মাকতাবাতুল হিজায,
Date of publication, distribution, etc ২০১৯
300 ## - PHYSICAL DESCRIPTION
Pagination ১১০ পৃ. :
Dimensions ২১ সেমি.
504 ## - BIBLIOGRAPHY, ETC. NOTE
Bibliography, etc গ্রন্থপঞ্জি সংযোজিত।
600 ## - SUBJECT ADDED ENTRY--PERSONAL NAME
Personal name Hazrat Uthman Ibn Affan Ra.
650 ## - SUBJECT ADDED ENTRY--TOPICAL TERM
Topical term or geographic name as entry element Muslim legend
650 ## - SUBJECT ADDED ENTRY--TOPICAL TERM
Topical term or geographic name as entry element juvenile literature
700 ## - ADDED ENTRY--PERSONAL NAME
Personal name ইউসুফ, মাওলানা খুররম
942 ## - ADDED ENTRY ELEMENTS (KOHA)
Source of classification or shelving scheme Dewey Decimal Classification
Koha item type Books
Holdings
Source of classification or shelving scheme Damaged status Not for loan Home library Current library Shelving location Date of accession Cost, normal purchase price Total Checkouts Full call number Barcode Date last seen Copy number Method of acquisition Koha item type Currency
Dewey Decimal Classification     JCC Rouf Library JCC Rouf Library General Stacks 06/23/2023 120.00   297.18 MIN 2019 18248 07/20/2023 C-1 Purchase Books BDT

JCC Library | Contacts | JCC Home

Last Update on 23 September 2017
Copyright @ 2017-2020 JCC Rouf Library
Rouf Library, Jhenidah Cadet College (JCC), Bangladesh